<?xml version="1.0" encoding="UTF-8"?>
<collection xmlns="http://www.loc.gov/MARC21/slim">
 <record>
  <leader>01089ntm a22002415a 4500</leader>
  <controlfield tag="001">EUN.eunm001671</controlfield>
  <controlfield tag="008">080310s2007####ag#######bm###000#0#spa#d</controlfield>
  <controlfield tag="005">20200720102130.0</controlfield>
  <datafield tag="245" ind1="1" ind2="0">
   <subfield code="a">Geomorfología y dinámica de canales de mareas en ambientes intermareales /</subfield>
   <subfield code="c">Darío Roberto Minkoff ; director Gerardo M.E. Perillo ; co-director: Daniel E. Perez.</subfield>
  </datafield>
  <datafield tag="260" ind1=" " ind2=" ">
   <subfield code="c">2007.</subfield>
  </datafield>
  <datafield tag="300" ind1=" " ind2=" ">
   <subfield code="a">188 h. :</subfield>
   <subfield code="b">il. (algunas col.) ;</subfield>
   <subfield code="c">30 cm.</subfield>
  </datafield>
  <datafield tag="500" ind1=" " ind2=" ">
   <subfield code="a">Tesis doctoral.</subfield>
  </datafield>
  <datafield tag="502" ind1=" " ind2=" ">
   <subfield code="a">Tesis (doctoral)--Universidad Nacional del Sur. Departamento de Ingeniería, 2007.</subfield>
  </datafield>
  <datafield tag="504" ind1=" " ind2=" ">
   <subfield code="a">Incluye referencias bibliográficas (p. 168-188).</subfield>
  </datafield>
  <datafield tag="100" ind1="1" ind2=" ">
   <subfield code="a">Minkoff, Darío Roberto.</subfield>
  </datafield>
  <datafield tag="700" ind1="1" ind2=" ">
   <subfield code="a">Perillo, Gerardo M. E.</subfield>
   <subfield code="q">(Gerardo Miguel Eduardo)</subfield>
  </datafield>
  <datafield tag="700" ind1="1" ind2=" ">
   <subfield code="a">Perez, Daniel E.</subfield>
  </datafield>
  <datafield tag="710" ind1="2" ind2=" ">
   <subfield code="a">Universidad Nacional del Sur.</subfield>
   <subfield code="b">Departamento de Ingeniería.</subfield>
   <subfield code="4">dgg.</subfield>
  </datafield>
  <datafield tag="082" ind1="0" ind2="4">
   <subfield code="a">040</subfield>
   <subfield code="2">15</subfield>
  </datafield>
  <datafield tag="650" ind1=" " ind2="7">
   <subfield code="a">Geomorfología.</subfield>
   <subfield code="2">unbist</subfield>
  </datafield>
  <datafield tag="650" ind1=" " ind2="7">
   <subfield code="a">Geología marina.</subfield>
   <subfield code="2">unbist</subfield>
  </datafield>
  <datafield tag="859" ind1=" " ind2=" ">
   <subfield code="a">AR-BaUNS</subfield>
   <subfield code="b">BIB. CENTRAL - Tesis</subfield>
   <subfield code="h">040</subfield>
   <subfield code="i">B148 2007-824</subfield>
   <subfield code="k">R</subfield>
   <subfield code="p">118584/008</subfield>
  </datafield>
  <datafield tag="859" ind1=" " ind2=" ">
   <subfield code="a">AR-BaUNS</subfield>
   <subfield code="b">BIB. CENTRAL - Sector A - Tesis</subfield>
   <subfield code="h">040</subfield>
   <subfield code="i">B148 2007-824</subfield>
   <subfield code="p">118585/008</subfield>
  </datafield>
 </record>
</collection>
